On Mary Wollstonecraft's a vindication of the rights of woman (Record no. 1429941)

MARC details
000 -LEADER
fixed length control field 00509nam a2200181Ia 4500
005 - DATE AND TIME OF LATEST TRANSACTION
control field 20250610122118.0
008 - FIXED-LENGTH DATA ELEMENTS--GENERAL INFORMATION
fixed length control field 008 250516s9999 xx 000 0 eng d
020 ## - INTERNATIONAL STANDARD BOOK NUMBER
International Standard Book Number 9780231206259
040 ## - CATALOGING SOURCE
Language of cataloging eng
Transcribing agency SDCL
041 ## - LANGUAGE CODE
Language code of text/sound track or separate title eng
Source of code eng
084 ## - COLON CLASSIFICATION NUMBER
Classification number O-6L59x R3
100 ## - MAIN ENTRY--PERSONAL NAME
Personal name Wolfson, Susan J.
245 #0 - TITLE STATEMENT
Title On Mary Wollstonecraft's a vindication of the rights of woman
260 ## - PUBLICATION, DISTRIBUTION, ETC.
Place of publication, distribution, etc. N Y:
Name of publisher, distributor, etc. Columbia University Press,
Date of publication, distribution, etc. 2023.
300 ## - PHYSICAL DESCRIPTION
Extent xiv,185p.
650 ## - SUBJECT ADDED ENTRY--TOPICAL TERM
Topical term or geographic name entry element Philosophy
942 ## - ADDED ENTRY ELEMENTS (KOHA)
Koha item type Textual
Source of classification or shelving scheme Colon Classification (CC)
100 ## - MAIN ENTRY--PERSONAL NAME
-- 491079
999 ## -
-- 1429941
-- 1429941
Holdings
Withdrawn status Lost status Source of classification or shelving scheme Damaged status Not for loan Home library Current library Date acquired Source of acquisition Inventory number Total checkouts Full call number Barcode Date last seen Price effective from Koha item type
    Colon Classification (CC)     South Campus Library South Campus Library 2025-05-22 Segment Book Distributors 69142, 02/12/2024   O-6L59x R3 SC1690663 2025-05-22 2025-05-22 Textual
Copyright @ Delhi University Library System